El sentido del cine
Saved in:
| Hovedforfatter: | |
|---|---|
| Format: | Bog |
| Sprog: | spansk |
| Udgivet: |
Cuernavaca
Ediciones Siglo Veintiuno
1974
|
| Udgivelse: | 1a. ed |
| Fag: | |
| Tags: |
Tilføj Tag
Ingen Tags, Vær først til at tagge denne postø!
|
MARC
| LEADER | 00000cam a2200000 a 4500 | ||
|---|---|---|---|
| 001 | UCC7265 | ||
| 003 | CL-VaPUC | ||
| 008 | 190322e19740000mx |||||||||||||||||spa|d | ||
| 020 | |a 9789682312236 | ||
| 082 | 0 | 4 | |a 791.4 |b EIS |2 21 |
| 100 | |a Eisenstein, Sergei |e author |9 602473 | ||
| 245 | 1 | 3 | |a El sentido del cine |
| 250 | |a 1a. ed | ||
| 300 | |a 204 p | ||
| 942 | |c BK | ||
| 945 | |d 20190322 14:57:00 |a dcastane | ||
| 260 | |a Cuernavaca |b Ediciones Siglo Veintiuno |c 1974 | ||
| 650 | 0 | |a Cinematografía |9 265198 | |
| 650 | 0 | |a Historia del cine |9 265166 | |
| 650 | 7 | |a REALIZADORES CINEMATOGRAFICOS |2 CL-VaPUC |9 355120 | |
| 583 | |a last modification |c 20190322 14:57:00 |k Rodrigo Vera | ||
| 999 | |c 373950 |d 373948 | ||
| 952 | |0 0 |1 0 |2 ddc |3 erb |4 0 |6 791_400000000000000_EIS_1974 |7 0 |8 A |9 492286 |a FDOSRS |b BIBART |i 5537037 |l 5 |o 791.4 EIS 1974 |p 5537037 |r 2025-03-13 |s 2021-07-29 |w 2019-11-24 |y BK |z Catalogado en:20190322 |k ART | ||